000 00355 a2200157 4500
001 191702
020 _a978-85-08-12817-4
040 _cMagnum
100 _aCarrasco, Walcyr
240 1 0 _aA ararinha do bico torto
_lpor
245 1 0 _aA ararinha do bico torto
300 _a40
362 0 _a2010
697 _aLITERATURA INFANTO-JUVENIL
942 _cBK
999 _c191702
_d191702